000 00719nam a2200241 a 4500
001 BRCA_4677
005 20190320204749.0
008 011010s1904----enka######---#000-0#eng-#
041 _aeng
044 _aenk
050 4 _aN1160
_b.B45 1904
100 1 _aBaldry, A. L.
_d1858-1939
_911867
245 1 0 _aThe Wallace Collection at Hertford House
_cby A. L. Baldry.
260 _aLondres
_bGoupil : Manzi Joyant
_c1904
300 _a302 p.
_bil.
_c30 cm.
500 _aIncluye índice y clasificado de ilustraciones
500 _aD50
650 1 4 _aWallace Collection
_xPinturas
_zLondres
_911868
650 1 4 _aGalerías y museos
_zInglaterra
_911869
650 1 4 _aArte
_zLondres
_99372
902 _aGFM
942 _2lcc
_cB
999 _c4378
_d4378